| 000 | 00923cam a22003017a 4500 | ||
|---|---|---|---|
| 003 | CHAP | ||
| 005 | 20220329142436.0 | ||
| 008 | 010214d1999 es r 00110 spa d | ||
| 010 | _a83521 | ||
| 011 | _a84493 | ||
| 020 | _a8477386501 | ||
| 035 | _a95013 | ||
| 040 | _cCHAP | ||
| 082 | 0 | 4 |
_a150.3 _bD5 |
| 245 | 1 | 0 |
_aDiccionario de psicología individual _c/por Claudio Alarco von Perfall |
| 260 |
_aMadrid. Esp. : _bEditorial Síntesis, _c1999. |
||
| 300 | _a461 p. | ||
| 590 |
_aBATCH-UPD _b10 _c20130110 _lUCH01 _h0438 |
||
| 590 |
_aBATCH-UPD _b10 _c20130410 _lUCH01 _h0113 |
||
| 590 |
_aBATCH-UPD _b10 _c20130913 _lUCH01 _h2340 |
||
| 590 |
_aCONVERSION _b10 _c20130109 _lUCH01 _h1346 |
||
| 650 | 1 | 4 |
_aPsicología _xDiccionarios. _992599 |
| 700 | 0 |
_aAlarco von Perfall, Claudio. _93342 |
|
| 901 | _aBK | ||
| 905 | _aMayto Villalobos S. | ||
| 942 | _cLIBRO | ||
| 949 |
_a150.3 D5 _bBC _cC _d33724000816872 _eC _h99611 _i95013 _st |
||
| 999 |
_c83521 _d83521 |
||